| 000 | 01156nam a2200265 a 4500 | ||
|---|---|---|---|
| 001 | 000042015 | ||
| 005 | 20201002035903.0 | ||
| 008 | 131030s1985 sp 000 0 spa d | ||
| 020 | _a8400059387 | ||
| 040 |
_aDO-SdBNP _bspa _cBNPHU |
||
| 082 |
_a221.48 _bI61 |
||
| 110 | 2 |
_aInternational Organization for Septuagint and Cognate Studies. _bCongress _d(1983:26-27 agosto _n5º. : _cSalamanca, España) _968963 |
|
| 245 | 1 | 3 |
_aLa septuaginta en la investigación contemporanea / _ceditado por Natalio Fernández Marcos. |
| 260 |
_aMadrid : _bInstituto Arias Montano , C.S.I.C., _c1985. |
||
| 300 |
_a285 p. ; _c26 cm. |
||
| 490 | 1 |
_aTextos y estudios Cardenal Cisneros ; _v34 |
|
| 500 | _aTexto en inglés y alemán | ||
| 504 | _aIncluye referencias bibliográficas y notas al pie de las páginas | ||
| 630 | 0 | 4 |
_aBÍBLIA _pA. T. _lGRIEGO _968964 |
| 630 | 0 | 4 |
_aBÍBLIA _pA. T. _xCRÍTICA E INTERPRETACIÓN _968965 |
| 700 | 1 | 2 |
_aFernández Marcos, Fernández _eed. _968966 |
| 710 | 1 | 2 |
_aConsejo Superior de Investigaciones Científicas (España) _915178 |
| 830 | 0 |
_aTextos y estudios Cardenal Cisneros ; _n34 _968967 |
|
| 910 | _aValidado. Control de calidad MFF | ||
| 999 |
_c41504 _d41504 |
||